[Event "Turniej Blitza na II Lidze Juniorów 2018"]
[Site "Szczyrk, Poland"]
[Date "????.??.??"]
[Round "7.15"]
[White "Dytman, Radoslaw"]
[Black "Kukula, Karol"]
[Result "1/2-1/2"]
[TimeControl "3'+2\""]
[WhiteElo "1841"]
[BlackElo "1478"]

1. Nf3 {[%clk 00:03:01]} {[%emt 00:00:02]} Nf6 {[%clk 00:03:03]} {[%emt
00:00:02]} 2. g3 {[%clk 00:03:02]} b6 {[%clk 00:03:04]} {[%emt 00:00:01]} 3.
Bg2 {[%emt 00:00:01]} Bb7 4. O-O {[%clk 00:03:03]} {[%emt 00:00:02]} e6 {[%clk
00:03:07]} 5. d3 {[%clk 00:02:59]} {[%emt 00:00:05]} Be7 {[%clk 00:03:08]}
{[%emt 00:00:01]} 6. b3 {[%clk 00:03:01]} O-O {[%clk 00:03:08]} {[%emt
00:00:03]} 7. Bb2 {[%clk 00:03:02]} {[%emt 00:00:01]} d5 {[%clk 00:03:09]}
{[%emt 00:00:01]} 8. Nbd2 {[%clk 00:03:02]} {[%emt 00:00:01]} c5 {[%clk
00:03:10]} {[%emt 00:00:02]} 9. Re1 {[%clk 00:02:34]} {[%emt 00:00:30]} Nbd7
{[%clk 00:03:08]} {[%emt 00:00:03]} 10. e4 {[%clk 00:02:35]} {[%emt 00:00:02]}
dxe4 {[%clk 00:03:01]} {[%emt 00:00:09]} 11. Nxe4 {[%clk 00:02:34]} {[%emt
00:00:02]} Nxe4 {[%clk 00:03:01]} {[%emt 00:00:02]} 12. dxe4 {[%clk 00:02:35]}
{[%emt 00:00:01]} Nf6 {[%clk 00:03:02]} {[%emt 00:00:01]} 13. Nd2 {[%clk
00:02:16]} {[%emt 00:00:20]} Qd7 {[%clk 00:02:56]} {[%emt 00:00:10]} 14. Qe2
{[%clk 00:02:16]} {[%emt 00:00:01]} Rfd8 {[%clk 00:02:56]} {[%emt 00:00:02]} 15.
Rad1 {[%clk 00:02:17]} {[%emt 00:00:02]} Qc7 {[%clk 00:02:56]} {[%emt
00:00:02]} 16. e5 {[%clk 00:02:10]} {[%emt 00:00:09]} Nd5 {[%clk 00:02:53]}
{[%emt 00:00:05]} 17. Ne4 {[%clk 00:01:52]} {[%emt 00:00:19]} Nb4 {[%clk
00:02:28]} {[%emt 00:00:27]} 18. a3 {[%clk 00:01:29]} {[%emt 00:00:25]} Nc6
{[%clk 00:02:26]} {[%emt 00:00:04]} 19. Nd6 {[%clk 00:01:19]} {[%emt 00:00:12]}
Bxd6 {[%clk 00:01:58]} {[%emt 00:00:30]} 20. exd6 {[%clk 00:01:17]} {[%emt
00:00:03]} Qd7 {[%clk 00:01:56]} {[%emt 00:00:05]} 21. Qg4 {[%clk 00:01:00]}
{[%emt 00:00:19]} e5 {[%clk 00:01:25]} {[%emt 00:00:33]} 22. Qxd7 {[%clk
00:00:46]} {[%emt 00:00:16]} Rxd7 {[%clk 00:01:26]} {[%emt 00:00:02]} 23. Bxe5
{[%clk 00:00:45]} {[%emt 00:00:03]} Nxe5 {[%clk 00:01:23]} {[%emt 00:00:05]} 24.
Bxb7 {[%clk 00:00:42]} {[%emt 00:00:05]} Rxb7 {[%clk 00:01:24]} {[%emt
00:00:01]} 25. Rxe5 {[%clk 00:00:42]} {[%emt 00:00:02]} Rd7 {[%clk 00:01:22]}
{[%emt 00:00:03]} 26. f4 {[%clk 00:00:41]} {[%emt 00:00:03]} Rad8 {[%clk
00:01:23]} {[%emt 00:00:02]} 27. Red5 {[%clk 00:00:42]} f6 {[%clk 00:01:23]}
{[%emt 00:00:02]} 28. Kf2 {[%clk 00:00:43]} Kf7 {[%clk 00:01:24]} 29. f5 {[%clk
00:00:42]} {[%emt 00:00:04]} Re8 {[%clk 00:01:22]} {[%emt 00:00:03]} 30. Re1
{[%clk 00:00:40]} {[%emt 00:00:04]} Rxe1 31. Kxe1 {[%clk 00:00:41]} Ke8 {[%clk
00:01:05]} {[%emt 00:00:02]} 32. Kd2 {[%clk 00:00:36]} {[%emt 00:00:07]} Rf7
{[%clk 00:01:06]} 33. Kc3 {[%clk 00:00:34]} {[%emt 00:00:04]} Kd7 {[%clk
00:01:07]} {[%emt 00:00:01]} 34. Kc4 {[%clk 00:00:35]} {[%emt 00:00:01]} Kc6
{[%clk 00:01:06]} {[%emt 00:00:03]} 35. d7 {[%clk 00:00:23]} {[%emt 00:00:15]}
b5+ {[%clk 00:01:00]} {[%emt 00:00:08]} 36. Kd3 {[%clk 00:00:14]} {[%emt
00:00:10]} Rxd7 {[%clk 00:01:00]} {[%emt 00:00:02]} 37. Rxd7 {[%clk 00:00:15]}
{[%emt 00:00:01]} Kxd7 {[%clk 00:01:01]} 38. Ke4 {[%clk 00:00:17]} Kd6 {[%clk
00:01:02]} {[%emt 00:00:01]} 39. c3 {[%clk 00:00:09]} {[%emt 00:00:10]} a6
{[%clk 00:01:02]} {[%emt 00:00:03]} 40. b4 {[%clk 00:00:08]} {[%emt 00:00:03]}
Kc6 {[%clk 00:00:57]} {[%emt 00:00:06]} 41. h4 {[%clk 00:00:06]} {[%emt
00:00:04]} Kd6 {[%clk 00:00:55]} {[%emt 00:00:04]} 42. g4 {[%clk 00:00:06]}
{[%emt 00:00:02]} cxb4 {[%clk 00:00:44]} {[%emt 00:00:13]} 43. cxb4 {[%clk
00:00:07]} Kc6 {[%clk 00:00:43]} {[%emt 00:00:03]} 44. Kd4 {[%clk 00:00:06]}
{[%emt 00:00:03]} Kd6 {[%clk 00:00:44]} 45. g5 {[%clk 00:00:05]} {[%emt
00:00:03]} h6 {[%clk 00:00:44]} {[%emt 00:00:03]} 46. g6 {[%clk 00:00:04]}
{[%emt 00:00:03]} Kc6 {[%clk 00:00:44]} {[%emt 00:00:02]} 1/2-1/2

[Event "Turniej Blitza na II Lidze Juniorów 2018"]
[Site "Szczyrk, Poland"]
[Date "????.??.??"]
[Round "7.44"]
[White "Gozdzicki, Maciej"]
[Black "Wieckowski, Michal"]
[Result "1-0"]
[TimeControl "3'+2\""]
[WhiteElo "1422"]
[BlackElo "1228"]

1. d4 {[%clk 00:03:03]} f5 {[%clk 00:03:03]} {[%emt 00:00:02]} 2. c4 {[%clk
00:03:02]} {[%emt 00:00:03]} g6 {[%clk 00:03:04]} 3. Nc3 {[%clk 00:03:01]}
{[%emt 00:00:02]} Bg7 {[%clk 00:03:05]} {[%emt 00:00:01]} 4. Nf3 {[%clk
00:03:02]} Nf6 {[%clk 00:03:06]} 5. g3 {[%clk 00:03:00]} {[%emt 00:00:04]} O-O
{[%clk 00:03:04]} {[%emt 00:00:02]} 6. Bg2 {[%clk 00:03:02]} {[%emt 00:00:03]}
Qe8 {[%clk 00:03:05]} 7. O-O {[%clk 00:03:02]} {[%emt 00:00:01]} d6 {[%clk
00:03:06]} 8. b3 {[%clk 00:03:01]} {[%emt 00:00:04]} Na6 {[%clk 00:03:07]} 9.
Bb2 {[%clk 00:03:02]} {[%emt 00:00:01]} c6 {[%clk 00:03:07]} 10. d5 {[%clk
00:02:59]} {[%emt 00:00:05]} c5 {[%clk 00:03:06]} {[%emt 00:00:03]} 11. Re1
{[%clk 00:02:59]} {[%emt 00:00:03]} Nc7 {[%clk 00:03:06]} {[%emt 00:00:02]} 12.
e4 {[%clk 00:03:00]} fxe4 {[%clk 00:03:06]} {[%emt 00:00:02]} 13. Nxe4 {[%clk
00:03:00]} Nxe4 {[%clk 00:03:06]} {[%emt 00:00:03]} 14. Bxg7 {[%clk 00:03:01]}
Kxg7 {[%clk 00:03:06]} {[%emt 00:00:01]} 15. Rxe4 {[%clk 00:03:02]} {[%emt
00:00:01]} Bf5 {[%clk 00:03:07]} {[%emt 00:00:02]} 16. Re1 {[%clk 00:03:00]}
{[%emt 00:00:04]} a6 {[%clk 00:03:02]} {[%emt 00:00:06]} 17. Qd2 {[%clk
00:02:58]} {[%emt 00:00:04]} Qf7 {[%clk 00:02:57]} {[%emt 00:00:07]} 18. Nh4
{[%clk 00:02:59]} {[%emt 00:00:02]} b5 {[%clk 00:02:51]} {[%emt 00:00:08]} 19.
Nxf5+ {[%clk 00:02:59]} {[%emt 00:00:01]} gxf5 {[%clk 00:02:50]} {[%emt
00:00:04]} 20. Re2 {[%clk 00:02:54]} {[%emt 00:00:07]} Rae8 {[%clk 00:02:50]}
{[%emt 00:00:01]} 21. Rae1 {[%clk 00:02:56]} Qg6 {[%clk 00:02:51]} {[%emt
00:00:02]} 22. Rxe7+ {[%clk 00:02:50]} {[%emt 00:00:08]} Rxe7 {[%clk 00:02:49]}
{[%emt 00:00:04]} 23. Rxe7+ {[%clk 00:02:51]} Rf7 {[%clk 00:02:50]} {[%emt
00:00:01]} 24. Qc3+ {[%clk 00:02:43]} {[%emt 00:00:10]} Qf6 {[%clk 00:02:48]}
{[%emt 00:00:03]} 25. Qxf6+ {[%clk 00:02:40]} {[%emt 00:00:05]} Kxf6 {[%clk
00:02:49]} 26. Rxf7+ {[%clk 00:02:41]} {[%emt 00:00:01]} Kxf7 {[%clk 00:02:50]}
{[%emt 00:00:02]} 27. f4 {[%clk 00:02:38]} {[%emt 00:00:05]} a5 {[%clk
00:02:46]} {[%emt 00:00:06]} 28. Kf2 {[%clk 00:02:38]} {[%emt 00:00:02]} a4
{[%clk 00:02:47]} 29. Ke3 {[%clk 00:02:34]} {[%emt 00:00:06]} axb3 {[%emt
00:00:02]} 30. axb3 bxc4 {[%clk 00:02:46]} {[%emt 00:00:01]} 31. bxc4 {[%clk
00:02:37]} Na6 {[%clk 00:02:47]} {[%emt 00:00:01]} 32. Bf3 {[%clk 00:02:30]}
{[%emt 00:00:09]} Nb4 {[%clk 00:02:41]} {[%emt 00:00:09]} 33. g4 {[%clk
00:02:31]} {[%emt 00:00:01]} Nc2+ {[%clk 00:02:37]} {[%emt 00:00:06]} 34. Kd2
{[%clk 00:02:32]} {[%emt 00:00:01]} Nd4 {[%clk 00:02:38]} 35. Bd1 {[%clk
00:02:29]} {[%emt 00:00:05]} Kf6 {[%clk 00:02:37]} {[%emt 00:00:03]} 36. g5+
{[%clk 00:02:23]} {[%emt 00:00:07]} Kg6 {[%clk 00:02:34]} {[%emt 00:00:05]} 37.
h4 {[%clk 00:02:21]} {[%emt 00:00:05]} Ne6 {[%clk 00:02:28]} {[%emt 00:00:07]}
38. dxe6 {[%clk 00:02:21]} {[%emt 00:00:02]} Kg7 {[%clk 00:02:28]} {[%emt
00:00:07]} 39. h5 {[%clk 00:02:20]} {[%emt 00:00:03]} h6 {[%clk 00:02:29]}
{[%emt 00:00:01]} 40. Bc2 {[%clk 00:02:20]} {[%emt 00:00:02]} Kf8 {[%clk
00:02:27]} {[%emt 00:00:04]} 41. Bxf5 {[%clk 00:02:21]} Ke7 {[%clk 00:02:28]}
{[%emt 00:00:01]} 42. Ke3 {[%clk 00:02:20]} {[%emt 00:00:03]} d5 {[%clk
00:02:29]} 43. cxd5 {[%clk 00:02:20]} {[%emt 00:00:02]} c4 {[%clk 00:02:31]}
{[%emt 00:00:01]} 44. Kd4 {[%clk 00:02:22]} c3 {[%clk 00:02:32]} 45. Kxc3
{[%clk 00:02:23]} {[%emt 00:00:01]} Kd6 {[%clk 00:02:33]} 46. g6 {[%clk
00:02:23]} {[%emt 00:00:01]} Kxd5 {[%clk 00:02:34]} {[%emt 00:00:02]} 47. g7
{[%clk 00:02:24]} Kc5 {[%clk 00:02:34]} {[%emt 00:00:06]} 48. g8=Q {[%clk
00:02:22]} Kc6 {[%clk 00:02:35]} {[%emt 00:00:05]} 49. Qd8 {[%clk 00:02:21]}
Kb6 {[%emt 00:00:04]} 50. Be4+ Kb5 {[%clk 00:02:35]} {[%emt 00:00:02]} 51. Qd5+
{[%clk 00:02:16]} {[%emt 00:00:06]} Kb6 {[%clk 00:02:35]} {[%emt 00:00:02]} 52.
Qc6+ {[%clk 00:02:17]} {[%emt 00:00:02]} Ka5 {[%clk 00:02:36]} 53. Qb7 {[%clk
00:02:16]} {[%emt 00:00:03]} Ka4 {[%clk 00:02:34]} {[%emt 00:00:03]} 54. Qb4#
{[%clk 00:02:17]} {[%emt 00:00:01]} 1-0

[Event "Turniej Blitza na II Lidze Juniorów 2018"]
[Site "Szczyrk, Poland"]
[Date "????.??.??"]
[Round "7.10"]
[White "Twardowski, Hubert"]
[Black "Praczukowski, Stanislaw"]
[Result "0-1"]
[TimeControl "3'+2\""]
[WhiteElo "1542"]
[BlackElo "2078"]

1. e4 {[%emt 00:01:06]} c5 {[%emt 00:00:01]} 2. Nf3 {[%emt 00:00:02]} d6 3. d4
{[%emt 00:00:02]} cxd4 {[%emt 00:00:01]} 4. Qxd4 {[%emt 00:00:01]} a6 {[%emt
00:00:02]} 5. c4 {[%emt 00:00:02]} Nc6 6. Qd3 {[%emt 00:00:14]} Bg4 {[%emt
00:00:03]} 7. Be2 {[%emt 00:00:05]} g6 {[%emt 00:00:02]} 8. Bd2 {[%emt
00:00:06]} Bg7 {[%emt 00:00:02]} 9. Bc3 {[%emt 00:00:02]} Nf6 {[%emt 00:00:05]}
10. Nbd2 {[%emt 00:00:10]} O-O {[%emt 00:00:02]} 11. O-O {[%emt 00:00:02]} Nd7
{[%emt 00:00:09]} 12. Bxg7 {[%emt 00:00:08]} Kxg7 13. h3 {[%emt 00:00:10]} Bxf3
{[%emt 00:00:02]} 14. Nxf3 {[%emt 00:00:08]} Nc5 15. Qc3+ {[%emt 00:00:01]} e5
{[%emt 00:00:08]} 16. Rad1 {[%emt 00:00:05]} Ne6 {[%emt 00:00:15]} 17. c5
{[%emt 00:00:25]} Ncd4 {[%emt 00:00:04]} 18. Nxd4 {[%emt 00:00:02]} Nxd4 {[%emt
00:00:02]} 19. Rxd4 {[%emt 00:00:09]} exd4 20. Qxd4+ Qf6 {[%emt 00:00:02]} 21.
Qxf6+ {[%emt 00:00:06]} Kxf6 {[%emt 00:00:01]} 22. cxd6 {[%emt 00:00:02]} Rfd8
{[%emt 00:00:15]} 23. f4 {[%emt 00:00:01]} Rac8 {[%emt 00:00:08]} 24. e5+
{[%emt 00:00:14]} Kg7 {[%emt 00:00:01]} 25. Bd3 {[%emt 00:00:02]} h5 {[%emt
00:00:12]} 26. g4 {[%emt 00:00:05]} hxg4 {[%emt 00:00:07]} 27. hxg4 {[%emt
00:00:02]} Rc5 28. g5 {[%emt 00:00:08]} b5 {[%emt 00:00:12]} 29. Kf2 {[%emt
00:00:07]} Rh8 {[%emt 00:00:10]} 30. Kg3 {[%emt 00:00:15]} Kf8 {[%emt
00:00:03]} 31. Rf2 {[%emt 00:00:14]} Ke8 {[%emt 00:00:03]} 32. Rc2 {[%emt
00:00:02]} Rxc2 {[%emt 00:00:01]} 33. Bxc2 {[%emt 00:00:02]} Kd7 {[%emt
00:00:01]} 34. Bb3 {[%emt 00:00:03]} Ke8 {[%emt 00:00:10]} 35. Bd5 {[%emt
00:00:12]} Rh7 {[%emt 00:00:18]} 36. Bb7 {[%emt 00:00:09]} a5 {[%emt 00:00:06]}
37. Bc6+ {[%emt 00:00:01]} Kf8 {[%emt 00:00:01]} 38. Bxb5 {[%emt 00:00:02]} Rh1
{[%emt 00:00:01]} 39. b3 {[%emt 00:00:22]} Rb1 {[%emt 00:00:07]} 40. Bc4 {[%emt
00:00:04]} Rb2 {[%emt 00:00:04]} 41. a4 {[%emt 00:00:01]} Rd2 {[%emt 00:00:04]}
42. Kf3 {[%emt 00:00:01]} Rd1 {[%emt 00:00:02]} 43. Ke4 {[%emt 00:00:04]} Ke8
{[%emt 00:00:04]} 44. Bb5+ {[%emt 00:00:03]} Kd8 {[%emt 00:00:06]} 45. Bc4
{[%emt 00:00:02]} Ke8 {[%emt 00:00:10]} 46. Bb5+ {[%emt 00:00:03]} Kd8 {[%emt
00:00:02]} 47. Bc4 {[%emt 00:00:02]} Ke8 {[%emt 00:00:04]} 48. Bd3 Kd8 {[%emt
00:00:09]} 49. Kd4 {[%emt 00:00:04]} Kd7 {[%emt 00:00:09]} 50. Ke4 {[%emt
00:00:12]} Kd8 {[%emt 00:00:02]} 51. Bc4 {[%emt 00:00:01]} Ke8 52. f5 {[%emt
00:00:04]} gxf5+ {[%emt 00:00:16]} 53. Kxf5 Rd2 {[%emt 00:00:01]} 54. Kf6
{[%emt 00:00:05]} Rf2+ {[%emt 00:00:01]} 55. Kg7 Rf5 {[%emt 00:00:05]} 56.
Bxf7+ {[%emt 00:00:02]} Rxf7+ {[%emt 00:00:02]} 57. Kg6 Rf1 {[%emt 00:00:03]}
58. e6 {[%emt 00:00:03]} Rd1 {[%emt 00:00:06]} 59. Kf6 {[%emt 00:00:04]} Rxd6
{[%emt 00:00:10]} 60. g6 Rd1 {[%emt 00:00:01]} 61. g7 {[%emt 00:00:03]} Rf1+ 62.
Kg6 {[%emt 00:00:01]} Rg1+ {[%emt 00:00:04]} 63. Kf6 Rg2 {[%emt 00:00:05]} 64.
b4 {[%emt 00:00:13]} 0-1

[Event "Turniej Blitza na II Lidze Juniorów 2018"]
[Site "Szczyrk, Poland"]
[Date "????.??.??"]
[Round "7.27"]
[White "Majek, Kacper"]
[Black "Urbanski, Wojciech"]
[Result "1-0"]
[TimeControl "3'+2\""]
[WhiteElo "1687"]
[BlackElo "1472"]

1. Nf3 {[%clk 00:03:03]} {[%emt 00:00:01]} c5 {[%clk 00:03:03]} {[%emt
00:00:01]} 2. e4 {[%emt 00:00:02]} a6 3. g3 {[%clk 00:03:03]} {[%emt 00:00:03]}
d6 {[%clk 00:03:05]} {[%emt 00:00:02]} 4. Bg2 {[%clk 00:03:04]} e5 {[%clk
00:03:06]} 5. O-O {[%clk 00:03:03]} {[%emt 00:00:03]} g6 {[%clk 00:03:07]}
{[%emt 00:00:01]} 6. Nc3 {[%clk 00:02:53]} {[%emt 00:00:13]} Bg7 {[%clk
00:03:08]} {[%emt 00:00:01]} 7. d3 {[%clk 00:02:46]} {[%emt 00:00:08]} Ne7
{[%clk 00:03:08]} {[%emt 00:00:02]} 8. Be3 {[%clk 00:02:47]} {[%emt 00:00:01]}
O-O {[%clk 00:03:08]} {[%emt 00:00:02]} 9. Qd2 {[%clk 00:02:48]} {[%emt
00:00:01]} Nbc6 {[%clk 00:03:05]} {[%emt 00:00:06]} 10. Bh6 {[%clk 00:02:45]}
{[%emt 00:00:03]} Be6 {[%clk 00:02:59]} {[%emt 00:00:08]} 11. h4 {[%clk
00:02:38]} {[%emt 00:00:10]} f5 {[%clk 00:03:00]} {[%emt 00:00:02]} 12. Bxg7
{[%clk 00:02:36]} {[%emt 00:00:03]} Kxg7 {[%clk 00:03:01]} 13. Ng5 {[%clk
00:02:34]} {[%emt 00:00:04]} Qd7 {[%clk 00:03:02]} {[%emt 00:00:02]} 14. Nxe6+
{[%clk 00:02:17]} {[%emt 00:00:19]} Qxe6 {[%clk 00:03:01]} {[%emt 00:00:03]} 15.
Bh3 {[%clk 00:02:17]} Qf7 {[%clk 00:02:48]} {[%emt 00:00:15]} 16. f4 {[%clk
00:02:04]} {[%emt 00:00:16]} b5 {[%clk 00:02:40]} {[%emt 00:00:10]} 17. Kh2
{[%clk 00:01:48]} {[%emt 00:00:18]} b4 {[%clk 00:02:39]} {[%emt 00:00:03]} 18.
Ne2 {[%clk 00:01:46]} {[%emt 00:00:04]} Qe6 {[%clk 00:02:35]} {[%emt 00:00:07]}
19. c3 {[%clk 00:01:39]} {[%emt 00:00:09]} a5 {[%clk 00:02:35]} {[%emt
00:00:01]} 20. exf5 {[%clk 00:01:27]} {[%emt 00:00:14]} Nxf5 {[%clk 00:02:36]}
21. Ng1 {[%clk 00:01:08]} {[%emt 00:00:21]} bxc3 {[%clk 00:02:13]} {[%emt
00:00:25]} 22. bxc3 {[%clk 00:01:06]} {[%emt 00:00:04]} e4 {[%clk 00:02:14]}
{[%emt 00:00:01]} 23. Rae1 {[%clk 00:00:58]} {[%emt 00:00:11]} e3 {[%clk
00:02:13]} {[%emt 00:00:03]} 24. Qe2 {[%clk 00:00:53]} {[%emt 00:00:06]} Rae8
{[%clk 00:02:03]} {[%emt 00:00:12]} 25. Rf3 {[%clk 00:00:54]} Qd5 {[%clk
00:01:55]} {[%emt 00:00:11]} 26. Bxf5 {[%clk 00:00:48]} {[%emt 00:00:07]} Rxf5
{[%clk 00:01:55]} {[%emt 00:00:02]} 27. Rxe3 {[%clk 00:00:48]} {[%emt
00:00:02]} Rxe3 {[%clk 00:01:56]} {[%emt 00:00:02]} 28. Qxe3 {[%clk 00:00:49]}
{[%emt 00:00:01]} Qxa2+ {[%emt 00:00:01]} 29. Re2 {[%clk 00:00:46]} {[%emt
00:00:04]} Qf7 {[%clk 00:01:57]} {[%emt 00:00:03]} 30. Nf3 {[%clk 00:00:45]}
{[%emt 00:00:03]} Rf6 {[%clk 00:01:41]} {[%emt 00:00:17]} 31. Ng5 {[%clk
00:00:44]} {[%emt 00:00:03]} Qd7 {[%clk 00:01:16]} {[%emt 00:00:21]} 32. Qe8
{[%clk 00:00:36]} {[%emt 00:00:16]} Qxe8 {[%clk 00:01:10]} {[%emt 00:00:09]} 33.
Rxe8 {[%clk 00:00:37]} h6 {[%clk 00:01:11]} 34. Ne4 {[%clk 00:00:35]} {[%emt
00:00:03]} Rf8 {[%clk 00:01:09]} {[%emt 00:00:04]} 35. Re6 {[%clk 00:00:31]}
{[%emt 00:00:06]} Rf6 {[%clk 00:01:07]} {[%emt 00:00:05]} 36. Rxf6 {[%clk
00:00:30]} {[%emt 00:00:03]} a4 {[%clk 00:01:08]} {[%emt 00:00:01]} 37. Rxd6
{[%clk 00:00:29]} {[%emt 00:00:02]} Na5 {[%clk 00:01:09]} {[%emt 00:00:02]} 38.
Ra6 {[%clk 00:00:30]} {[%emt 00:00:01]} Nb3 {[%clk 00:01:05]} {[%emt 00:00:05]}
39. Rxa4 {[%clk 00:00:28]} {[%emt 00:00:04]} 1-0

[Event "Turniej Blitza na II Lidze Juniorów 2018"]
[Site "Szczyrk, Poland"]
[Date "????.??.??"]
[Round "7.35"]
[White "Pyzio, Amelia"]
[Black "Biesiadecki, Adam"]
[Result "1-0"]
[TimeControl "3'+2\""]
[WhiteElo "1747"]
[BlackElo "1346"]

1. e4 {[%emt 00:00:51]} e6 2. d4 {[%emt 00:00:01]} d5 3. exd5 {[%emt 00:00:01]}
exd5 4. c4 dxc4 {[%emt 00:00:03]} 5. Bxc4 {[%emt 00:00:01]} Nf6 {[%emt
00:00:02]} 6. Nc3 {[%emt 00:00:01]} Bd6 {[%emt 00:00:04]} 7. Nf3 {[%emt
00:00:02]} Bg4 {[%emt 00:00:01]} 8. h3 {[%emt 00:00:02]} Bh5 {[%emt 00:00:01]}
9. Bg5 {[%emt 00:00:05]} Nbd7 {[%emt 00:00:02]} 10. O-O {[%emt 00:00:03]} O-O
{[%emt 00:00:02]} 11. Ne4 {[%emt 00:00:12]} h6 {[%emt 00:00:10]} 12. Nxd6
{[%emt 00:00:17]} cxd6 {[%emt 00:00:07]} 13. Bh4 {[%emt 00:00:03]} Rc8 {[%emt
00:00:06]} 14. Qb3 {[%emt 00:00:05]} Nb6 {[%emt 00:00:04]} 15. Bd3 {[%emt
00:00:14]} Bxf3 {[%emt 00:00:07]} 16. gxf3 {[%emt 00:00:01]} Qd7 {[%emt
00:00:10]} 17. Bxf6 {[%emt 00:00:51]} gxf6 {[%emt 00:00:02]} 18. Kh2 {[%emt
00:00:02]} Kh8 {[%emt 00:00:04]} 19. Rg1 {[%emt 00:00:02]} Rg8 {[%emt
00:00:09]} 20. Rg3 {[%emt 00:00:10]} d5 {[%emt 00:00:13]} 21. Rag1 {[%emt
00:00:03]} Qd6 {[%emt 00:00:04]} 22. Bf5 {[%emt 00:00:10]} Rce8 {[%emt
00:00:25]} 23. Qd3 {[%emt 00:00:20]} Nc4 {[%emt 00:00:09]} 24. b3 {[%emt
00:00:03]} Nb6 {[%emt 00:00:09]} 25. Qd2 {[%emt 00:00:02]} Rg5 {[%emt
00:00:18]} 26. h4 {[%emt 00:00:02]} Rh5 {[%emt 00:00:06]} 27. Kh3 {[%emt
00:00:05]} Qf8 {[%emt 00:00:42]} 28. Qf4 {[%emt 00:00:23]} Re2 {[%emt
00:00:11]} 29. Rg8+ {[%emt 00:00:19]} Qxg8 {[%emt 00:00:03]} 30. Rxg8+ Kxg8 31.
Qg4+ Rg5 {[%emt 00:00:04]} 32. hxg5 {[%emt 00:00:01]} fxg5 {[%emt 00:00:02]} 33.
Kg3 {[%emt 00:00:06]} Rxa2 {[%emt 00:00:02]} 34. Bb1 {[%emt 00:00:05]} Rb2
{[%emt 00:00:02]} 35. Qf5 {[%emt 00:00:01]} Kf8 {[%emt 00:00:06]} 36. Bc2
{[%emt 00:00:02]} Ra2 {[%emt 00:00:05]} 37. Bd3 {[%emt 00:00:03]} Rb2 {[%emt
00:00:02]} 38. Bc2 {[%emt 00:00:03]} Ra2 {[%emt 00:00:01]} 39. Qh7 Ke7 40. Bd3
{[%emt 00:00:03]} Rd2 41. Bf5 {[%emt 00:00:03]} Re2 {[%emt 00:00:03]} 42. Qxh6
{[%emt 00:00:02]} Nd7 43. Qxg5+ {[%emt 00:00:02]} f6 44. Qg7+ Ke8 {[%emt
00:00:05]} 45. Qxd7+ {[%emt 00:00:02]} Kf8 46. Bg6 {[%emt 00:00:02]} Re7 {[%emt
00:00:02]} 47. Qxd5 {[%emt 00:00:02]} Kg7 {[%emt 00:00:01]} 48. Bf5 {[%emt
00:00:02]} Rf7 {[%emt 00:00:03]} 49. Bg4 {[%emt 00:00:02]} b6 {[%emt 00:00:02]}
50. Qc6 {[%emt 00:00:02]} Kh6 {[%emt 00:00:15]} 51. d5 {[%emt 00:00:01]} Kg7 52.
d6 {[%emt 00:00:01]} Rf8 {[%emt 00:00:02]} 53. d7 Rd8 54. Qc7 {[%emt 00:00:01]}
Rf8 {[%emt 00:00:04]} 55. d8=R+ {[%emt 00:00:03]} Rf7 {[%emt 00:00:02]} 56. Rd7
{[%emt 00:00:01]} Rxd7 57. Qxd7+ {[%emt 00:00:01]} Kg6 {[%emt 00:00:02]} 58.
Qf5+ {[%emt 00:00:01]} Kg7 59. Bh5 {[%emt 00:00:02]} a5 {[%emt 00:00:04]} 60.
Qg6+ Kh8 {[%emt 00:00:02]} 61. Qf7 {[%emt 00:00:02]} a4 {[%emt 00:00:03]} 62.
Bg6 a3 63. Qh7# {[%emt 00:00:01]} 1-0

[Event "Turniej Blitza na II Lidze Juniorów 2018"]
[Site "Szczyrk, Poland"]
[Date "????.??.??"]
[Round "7.54"]
[White "Ziolo, Oliwia"]
[Black "Guzik, Michal"]
[Result "0-1"]
[TimeControl "3'+2\""]
[WhiteElo "1095"]
[BlackElo "1292"]

1. e4 {[%clk 00:02:58]} {[%emt 00:00:06]} c5 {[%clk 00:03:03]} {[%emt
00:00:01]} 2. Nf3 {[%clk 00:02:59]} {[%emt 00:00:02]} Nc6 {[%clk 00:03:04]}
{[%emt 00:00:01]} 3. d4 {[%clk 00:03:00]} cxd4 {[%clk 00:03:05]} {[%emt
00:00:01]} 4. Nxd4 {[%clk 00:03:00]} {[%emt 00:00:01]} e6 {[%clk 00:03:06]}
{[%emt 00:00:01]} 5. Nc3 {[%clk 00:03:00]} {[%emt 00:00:02]} a6 {[%clk
00:03:07]} {[%emt 00:00:02]} 6. Be2 {[%clk 00:03:02]} Nf6 {[%clk 00:03:07]}
{[%emt 00:00:02]} 7. O-O {[%clk 00:03:01]} {[%emt 00:00:02]} Qc7 {[%clk
00:03:08]} 8. a3 {[%clk 00:02:56]} {[%emt 00:00:06]} Be7 {[%clk 00:03:09]}
{[%emt 00:00:02]} 9. Bg5 {[%clk 00:02:57]} {[%emt 00:00:02]} O-O {[%clk
00:03:09]} {[%emt 00:00:01]} 10. Kh1 {[%clk 00:02:57]} {[%emt 00:00:02]} Qe5
{[%clk 00:03:01]} {[%emt 00:00:09]} 11. Nxc6 {[%clk 00:02:52]} {[%emt
00:00:07]} bxc6 {[%clk 00:02:57]} {[%emt 00:00:06]} 12. f4 {[%clk 00:02:49]}
{[%emt 00:00:05]} Qc7 {[%clk 00:02:47]} {[%emt 00:00:13]} 13. e5 {[%clk
00:02:37]} {[%emt 00:00:14]} Nd5 {[%clk 00:02:48]} {[%emt 00:00:01]} 14. Nxd5
{[%clk 00:02:37]} {[%emt 00:00:02]} cxd5 {[%clk 00:02:45]} {[%emt 00:00:05]} 15.
Bxe7 {[%clk 00:02:37]} {[%emt 00:00:02]} Re8 {[%clk 00:02:46]} 16. Bd6 {[%emt
00:00:01]} Qb6 {[%clk 00:02:43]} {[%emt 00:00:01]} 17. Rb1 {[%clk 00:02:21]}
Qxb2 {[%clk 00:02:43]} 0-1